Derecho y economía
Shranjeno v:
| Main Authors: | , |
|---|---|
| Format: | Knjiga |
| Jezik: | španščina |
| Izdano: |
Ciudad de México
Fondo de Cultura Económica
1998
|
| Izdaja: | 1a. ed |
| Serija: | Política y Derecho
|
| Teme: | |
| Oznake: |
Označite
Brez oznak, prvi označite!
|
MARC
| LEADER | 00000nam a2200000 a 4500 | ||
|---|---|---|---|
| 001 | UCL9648 | ||
| 003 | CL-VaPUC | ||
| 008 | 040820e19980000MX |||||||||||||||||spa|d | ||
| 020 | |a 9681652738 | ||
| 082 | 0 | 4 | |a 340.11 |b COO |2 21 |
| 100 | 0 | |a Cooter, Robert |e author |9 487536 | |
| 700 | 0 | |a Ulen, Thomas |e author |9 487537 | |
| 245 | 1 | 0 | |a Derecho y economía |
| 250 | |a 1a. ed | ||
| 300 | |a 686 p | ||
| 942 | |c BK | ||
| 945 | |d 20040820 00:00:00 |a cmena | ||
| 260 | |a Ciudad de México |b Fondo de Cultura Económica |c 1998 | ||
| 650 | 7 | |a DERECHO Y ECONOMIA |2 CL-VaPUC |9 255885 | |
| 650 | 0 | |a Filosofía del derecho |9 255050 | |
| 650 | 0 | |a Teoría del derecho |9 255982 | |
| 650 | 0 | |a Economía |9 255568 | |
| 650 | 0 | |a Derecho contractual |9 373875 | |
| 583 | |a last modification |c 20040820 00:00:00 |k Rodrigo Vera | ||
| 490 | 0 | |a Política y Derecho | |
| 999 | |c 310365 |d 310363 | ||
| 952 | |0 0 |1 0 |4 0 |6 340_110000000000000_COO_1998 |7 0 |8 A |9 378696 |a BIBDER |b BIBDER |d 2019-11-21 |i 4049470 |o 340.11 COO 1998 |p 4049470 |r 2023-01-25 |w 2019-11-21 |y BK |k DER | ||
| 952 | |0 0 |1 0 |4 0 |6 340_110000000000000_COO_1998 |7 0 |8 A |9 378697 |a BIBDER |b BIBDER |d 2019-11-21 |i 447418K |l 1 |o 340.11 COO 1998 |p 447418K |r 2024-12-12 |s 2024-12-02 |w 2019-11-21 |y BK |k DER | ||
| 952 | |0 0 |1 0 |4 0 |6 340_110000000000000_COO_1998 |7 0 |8 A |9 378698 |a BIBDER |b BIBDER |d 2019-11-21 |i 4474198 |o 340.11 COO 1998 |p 4474198 |r 2023-01-25 |w 2019-11-21 |y BK |k DER | ||